000 01049nam a2200289 a 4500
001 000111406
003 CHAP
005 20220329144209.0
008 150408s2013 mx |rm |0|||||spa d
010 _a107868
011 _a108840
040 _cCHAP
090 _aTesis
100 1 _aRangel Díaz, Francisco Javier
_9129265
245 1 0 _aPropuesta para el desarrollo del turismo alternativo en el Realejo, Mpio. de Guadalcázar, SLP. /
_cpor Francisco Javier Rangel Díaz.
260 _aUniversidad Autónoma de San Luis Potosí :
_bEl autor,
_c2013.
300 _a127 h.
502 _aTesis (M. C. en Ciencias Ambientales) -- UASLP. Facultad de Ciencias Químicas, Ingeniería y Medicina
590 _aBATCH-UPD
_b05
_c20150408
_lUCH01
_h0946
590 _aE5765TAJ
_b05
_c20150408
_lUCH01
_h0946
650 1 4 _aDesarrollo económico
_zSan Luis Potosí.
_9129268
650 1 4 _aDesarrollo sustentable
_zSan Luis Potosí.
_9129267
650 1 4 _aTurismo ecológico
_zSan Luis Potosí.
_9129266
901 _aBK
942 _cTESIS
942 _n0
999 _c107868
_d107868